Online
Catalog

De profesión periodista / (Record no. 22943)

MARC details
000 -CABECERA
campo de control de longitud fija 00572nam a2200205 a 4500
001 - NÚMERO DE CONTROL
campo de control 000023447
005 - FECHA Y HORA DE LA ÚLTIMA TRANSACCIÓN
campo de control 20200930022227.0
008 - DATOS DE LONGITUD FIJA--INFORMACIÓN GENERAL
campo de control de longitud fija 101208s2000 sp ac r 001 0 spa d
020 ## - NÚMERO INTERNACIONAL ESTÁNDAR DEL LIBRO
Número Internacional Estándar del Libro 8420700207
040 ## - FUENTE DE LA CATALOGACIÓN
Centro catalogador/agencia de origen DO-SdBNP
Lengua de catalogación spa
Centro/agencia transcriptor BNPHU
082 ## - NÚMERO DE LA CLASIFICACIÓN DECIMAL DEWEY
Número de clasificación 070.4
Número de documento/Ítem R756p
049 ## - FONDOS LOCALES (OCLC)
Fondos de biblioteca BNGR
100 1# - ENTRADA PRINCIPAL--NOMBRE DE PERSONA
Nombre de persona Roma, Pepa
9 (RLIN) 48315
245 10 - MENCIÓN DE TÍTULO
Título De profesión periodista /
Mención de responsabilidad, etc. Pepa Roma.
260 ## - PUBLICACIÓN, DISTRIBUCIÓN, ETC.
Lugar de publicación, distribución, etc. Madrid :
Nombre del editor, distribuidor, etc. Anaya,
Fecha de publicación, distribución, etc. 2000.
300 ## - DESCRIPCIÓN FÍSICA
Extensión 119 p. :
-- il., retrs. ;
-- 21 cm.
490 1# - MENCIÓN DE SERIE
Mención de serie Punto de referencia Anaya
650 #4 - PUNTO DE ACCESO ADICIONAL DE MATERIA--TÉRMINO DE MATERIA
Término de materia o nombre geográfico como elemento de entrada Periodismo
9 (RLIN) 29
830 #0 - PUNTO DE ACCESO ADICIONAL DE SERIE-TÍTULO UNIFORME
Título uniforme Punto de referencia Anaya
9 (RLIN) 44582

No items available.

Powered by Koha